000 00625nam a2200229Ia 4500
003 OSt
005 20230605205014.0
008 210423s2010 xx 000 0 und d
020 _a9788183566315
040 _cAL
041 _aeng
082 _a361.3
_223
_bLAKP
100 _aLAKSHMAMMA (T)
_9119701
245 _aProfessional training in social work
260 _aNew Delhi
_bDiscovery Publishing House
_c2010
300 _a136
_bHB
365 _b425
_cINR
650 _aSocial Problems & Services
_9119702
650 _aSocial Work
_9119703
906 _aProfessional ; social ; training ; work
942 _2ddc
_cBK
999 _c175708
_d175708